000 00435nam a2200193Ia 4500
001 19293
003 GE_BSU
008 181216s||||||||xx |||||||||||||| ||und||
040 _cGE_BSU
245 4 _aThe Economist.№8974. 2016
245 _b30TH-5TH
260 _aLondon
260 _bEconomist
260 _c2016
300 _a82p ill, col,27cm.
653 _aThe Economist
653 _aპერიოდიკა
942 _cCR
999 _c52284
_d52284